Terrestrial Biomes - Map Quiz - Statistics

General Stats
  • This quiz has been taken 21,828 times
  • The average score is 8 of 14
Answers on the Map
Answers color-coded by a green-red scale on the quiz's map according to % correct below.
 
Answer Stats
Answer % Correct
Deserts and shrublands
82%
Tropical/subtropical
rainforest
79%
Mediterranean
78%
Tundra
75%
Abiotic terrestrial areas
65%
Taiga
65%
Temperate broadleaf
and mixed forests
54%
Temperate grasslands
48%
Tropical/subtropical grasslands
48%
Temperate coniferous forests
47%
Montane grasslands
46%
Tropical/subtropical
dry broadleaf forests
42%
Tropical/subtropical
coniferous forests
36%
Flooded grasslands
35%
No matching quizzes found
Score Distribution
Percent of People with Each Score
Percentile by Number Answered
Your Score History
You have not taken this quiz